Thử nhìn lại con sông văn học Việt Nam /
Đã lưu trong:
| Tác giả chính: | |
|---|---|
| Định dạng: | Bài viết |
| Ngôn ngữ: | Vietnamese |
| Những chủ đề: | |
| Các nhãn: |
Thêm thẻ
Không có thẻ, Là người đầu tiên thẻ bản ghi này!
|
| Thư viện lưu trữ: | Thư viện Trường Đại học Đà Lạt |
|---|
| LEADER | 00755nam a2200277 4500 | ||
|---|---|---|---|
| 001 | DLU130148452 | ||
| 005 | ##20130613 | ||
| 040 | # | # | |a DLU |b vie |
| 041 | # | # | |a vie |
| 044 | # | # | |a vn |
| 100 | # | # | |a Lê Chí Dũng. |
| 245 | # | # | |a Thử nhìn lại con sông văn học Việt Nam / |c Lê Chí Dũng. |
| 653 | # | # | |a Lịch sử văn học |
| 653 | # | # | |a Nghệ sĩ |
| 653 | # | # | |a Phát triển văn học |
| 653 | # | # | |a Vai trò |
| 773 | # | # | |t Lang Bian |g Số 5, 1995, tr. 68-71 |
| 920 | # | # | |a Phòng Tạp chí -- Trung tâm Thông tin - Thư viện Trường Đại học Đà Lạt |
| 994 | # | # | |a DLU |
| 900 | # | # | |a True |
| 911 | # | # | |a Hoàng Thị Huyền |
| 925 | # | # | |a G |
| 926 | # | # | |a A |
| 927 | # | # | |a BB |
| 980 | # | # | |a Thư viện Trường Đại học Đà Lạt |